000 00326nam a2200145Ia 4500
008 230718s9999 xx 000 0 und d
041 _aEng.
082 _a400
_bJHO-
100 _aJhon M.
245 0 _a Financial Management
260 _aPakistan
_bPears medication
_c2004
300 _a765
650 _aLaw
999 _c27347
_d27347